Basic Bible seminar Silver ed./ (Record no. 6695)

MARC details
000 -LEADER
fixed length control field 00622nam a22001817a 4500
003 - CONTROL NUMBER IDENTIFIER
control field OSt
005 - DATE AND TIME OF LATEST TRANSACTION
control field 20251202094043.0
008 - FIXED-LENGTH DATA ELEMENTS--GENERAL INFORMATION
fixed length control field 251202b |||||||| |||| 00| 0 eng d
040 ## - CATALOGING SOURCE
Original cataloging agency DWC-Main lib.
Transcribing agency OC
082 ## - DEWEY DECIMAL CLASSIFICATION NUMBER
Edition number Silver ed.
Classification number Fil. 220 B311 2006
110 ## - MAIN ENTRY--CORPORATE NAME
Corporate name or jurisdiction name as entry element John Paul I Biblical Center
245 ## - TITLE STATEMENT
Title Basic Bible seminar Silver ed./
Statement of responsibility, etc. John Paul I Biblical Center
260 ## - PUBLICATION, DISTRIBUTION, ETC.
Place of publication, distribution, etc. Vigan City :
Name of publisher, distributor, etc. John Paul I Bilblical Center, Immaculate Concepcion School of Theology,
Date of publication, distribution, etc. c2006.
300 ## - PHYSICAL DESCRIPTION
Extent 153 p. :
Other physical details illustrations ;
Dimensions 23 cm.
650 ## - SUBJECT ADDED ENTRY--TOPICAL TERM
Topical term or geographic name entry element 1. Bible.
760 ## - MAIN SERIES ENTRY
Edition Silver ed.
942 ## - ADDED ENTRY ELEMENTS (KOHA)
Source of classification or shelving scheme Dewey Decimal Classification
Koha item type Book-Filipiniana
Edition Silver ed.
Call number prefix Fil.
Suppress in OPAC No
952 ## - LOCATION AND ITEM INFORMATION (KOHA)
--
Holdings
Withdrawn status Lost status Source of classification or shelving scheme Damaged status Not for loan Home library Current library Shelving location Date acquired Source of acquisition Total Checkouts Full call number Barcode Date last seen Copy number Price effective from Koha item type Uniform Resource Identifier
    Dewey Decimal Classification     College Library College Library Filipiniana 06/18/2008 School Fund   Fil. 220 B311 2006 CL45771 12/02/2025 c1 12/02/2025 BK - FIL